00973nam a22002177a 450000500170000000800410001702000180005804000100007608200210008624500400010726000740014730000560022149000680027750001220034552100370046770000410050494200510054594200140059699900190061095201260062920230424143931.0230424b sa ||||| |||| 00| 0 zul d a9780190436070 c[RDA] 223aZUL J F UBUH aUbuhlakani bukaFano: Umndeni wami / aCape Town:bOxford University Press Southern Africa (Pty) Ltd,c2017. a8 pagesbpaperback; colour illustrationsc42cmx30cm aUsukulungele na ukufunda?vincwadi enkulu-1 incwadi yokufunda 2 aThis has two different titles in one, with the same ISBN number. The titles are Ubuhlakani bukaFano and Umndeni wami. aibanga loku-1btitle on the book aVisser, Marleeneillustrator9178804 xPatrick Mahlalelaw378y378zPatrick Mahlalela 2ddccBOOK c751749d751748 00102ddc40708FaSTANRLbPERDcCHILDd2023-04-24g74.00l0oZUL J F UBUHp33228031014178r2023-04-24w2023-04-24yBOOK